000 01445nam a2200385 c 4500
003 BLK
005 20241126115821.0
008 180408b bul|||||r ||||||| ||bul||
010 _aKNG00098844000
020 _a978-954-26-0914-8
_bиздат.: Хермес
040 _aBLK
041 _aBUL
_cBUL
072 7 _2bullib
_aН85
_xДетска художествена литература Н
080 _aЛитература на отделни езици и езикови семейства
_b821
_x-93-91
_z821-93-91
700 _aСпасов, Спас Димитров
_d1975-
_9367219
139 _aСпящата красавица
_bС 59
245 1 0 _aСпящата красавица
_cил. Спас Димитров Спасов.
257 _aSB
260 Пловдив
_bХермес
_c2010
300 _a8 с.
_bс цв. ил.
_c29 см
380 _aDX
490 1 _aЛюбими вълшебни приказки
500 _aБез сведение за ориг. загл. - Кор. загл.
653 _aприказки
653 _aадаптирани книги
653 _aлитература за деца
653 _aдетска литература
659 _aН
852 _aЦб ІІ 16472
856 4 _qpdf
_u
856 4 _qpdf
_u
942 _cKNG
_n0
_010
944 _aCR
_c17.12.2010
_lГрета Цуфелде
_k30537
944 _aED
_c25.06.2012
_lф /
_k
999 _c94026
_d94026